Catálogo público

Clasificación campesina de tierras y análisis agroclimatico para el diagnóstico de la fertilidad del suelo en Vicente Guerrero, Españita, Tlaxcala (Record no. 108087)

MARC details
000 -CABECERA
campo de control de longitud fija 01291nam a2200337 a 4500
001 - NÚMERO DE CONTROL
campo de control 000111626
003 - IDENTIFICADOR DEL NÚMERO DE CONTROL
campo de control CHAP
005 - FECHA Y HORA DE LA ÚLTIMA TRANSACCIÓN
campo de control 20220329144222.0
008 - DATOS DE LONGITUD FIJA--INFORMACIÓN GENERAL
campo de control de longitud fija 150622s2015 mx sm |||||||spa d
010 ## - NÚMERO DE CONTROL DE LA BIBLIOTECA DEL CONGRESO
Número de control de LC 108087
011 ## - ENLACE DEL NUMERO DE CONTROL DE LA BIBLIOTECA DEL CONGRESO [OBSOLETO]
Número de control de LC 109059
040 ## - FUENTE DE LA CATALOGACIÓN
Centro/agencia transcriptor CHAP
090 ## - LOCALMENTE ASIGNADO TIPO-LC NÚMERO DE CLASIFICACIÓN (OCLC); NÚMERO DE CLASIFICACIÓN LOCAL (RLIN)
Número de clasificación (OCLC) (R) ; Numero de clasificación, CALL (RLIN) (NR) Tesis
100 1# - ENTRADA PRINCIPAL--NOMBRE DE PERSONA
Nombre de persona Galán Resendiz, Miriam
9 (RLIN) 129542
245 10 - MENCIÓN DE TÍTULO
Título Clasificación campesina de tierras y análisis agroclimatico para el diagnóstico de la fertilidad del suelo en Vicente Guerrero, Españita, Tlaxcala
Medio [En línea]
Mención de responsabilidad, etc. por Miriam Galán Reséndiz y Elizabeth Rodríguez Cruz.
260 ## - PUBLICACIÓN, DISTRIBUCIÓN, ETC.
Lugar de publicación, distribución, etc. Chapingo, Méx. :
Nombre del editor, distribuidor, etc. El autor,
Fecha de publicación, distribución, etc. 2015.
500 ## - NOTA GENERAL
Nota general Para ver el contenido del material haga clic en la liga
502 ## - NOTA DE TESIS
Nota de tesis Tesis (Ing. Agr. Esp. en Suelos) -- UACH. Departamento de Suelos
590 ## - NOTA LOCAL (RLIN)
Nota local E11695DGD
Procedencia (VM) [OBSOLETO] 10
Condición del los carretes individuales (VM) [OBSOLETO] 20150623
-- UCH01
-- 0921
590 ## - NOTA LOCAL (RLIN)
Nota local E5765TAJ
Procedencia (VM) [OBSOLETO] 05
Condición del los carretes individuales (VM) [OBSOLETO] 20150622
-- UCH01
-- 1220
590 ## - NOTA LOCAL (RLIN)
Nota local E5765TAJ
Procedencia (VM) [OBSOLETO] 05
Condición del los carretes individuales (VM) [OBSOLETO] 20150622
-- UCH01
-- 1221
650 14 - PUNTO DE ACCESO ADICIONAL DE MATERIA--TÉRMINO DE MATERIA
Término de materia o nombre geográfico como elemento de entrada Cultivos y clima.
9 (RLIN) 30392
650 14 - PUNTO DE ACCESO ADICIONAL DE MATERIA--TÉRMINO DE MATERIA
Término de materia o nombre geográfico como elemento de entrada Fechas de siembra.
9 (RLIN) 39904
650 14 - PUNTO DE ACCESO ADICIONAL DE MATERIA--TÉRMINO DE MATERIA
Término de materia o nombre geográfico como elemento de entrada Suelos
Subdivisión general Clasificación
Subdivisión geográfica Tlaxcala.
9 (RLIN) 127354
650 14 - PUNTO DE ACCESO ADICIONAL DE MATERIA--TÉRMINO DE MATERIA
Término de materia o nombre geográfico como elemento de entrada Suelos
Subdivisión general Fertilidad.
9 (RLIN) 110367
700 1# - PUNTO DE ACCESO ADICIONAL--NOMBRE DE PERSONA
Nombre de persona Rodríguez Cruz, Elizabeth
9 (RLIN) 129543
856 ## - LOCALIZACIÓN Y ACCESO ELECTRÓNICOS
Nombre del host Finding aid
Identificador Uniforme del Recurso <a href="http://10.13.5.2/tesis/sist111626.pdf">http://10.13.5.2/tesis/sist111626.pdf</a>
Nota pública Teclea aquí
901 ## - ELEMENTOS DE DATOS A LOCAL LDA (RLIN)
a BK
942 ## - ELEMENTOS DE PUNTO DE ACCESO ADICIONAL (KOHA)
Tipo de ítem Koha Tesis
942 ## - ELEMENTOS DE PUNTO DE ACCESO ADICIONAL (KOHA)
Suprimir en OPAC 0
Holdings
Estado de retiro Estado de pérdida Fuente del sistema de clasificación o colocación Estado dañado Restricciones de uso No para préstamo Código de colección Localización permanente Ubicación/localización actual Ubicación en estantería Fecha de adquisición Información codificada de la localización en otra ubicación Total de préstamos Signatura topográfica completa Código de barras Fecha visto por última vez Número de copia Precio válido a partir de Tipo de ítem Koha Nota pública
    Clasificación Universidad Autónoma de Chapingo   Préstamo 3 días   Tesis Biblioteca Central Biblioteca Central Planta alta - Área de Tesis - Tesis 22/06/2015 TESIS   Tesis 33724002494842 31/12/2019 c.2 31/12/2019 Tesis  
        Préstamo interno2 Excluido de préstamo Tesis Biblioteca Central Biblioteca Central   22/06/2015 TESIS   Tesis 33724002494884 31/12/2019   31/12/2019 Tesis Recien adquirido